| 000 | 00800nam a2200241Ia 4500 | ||
|---|---|---|---|
| 003 | GCL | ||
| 005 | 20240530103557.0 | ||
| 008 | 140319s9999 xx 000 0 ara d | ||
| 040 |
_aGCL / _cGCL |
||
| 082 | 0 | 4 |
_a413.7 _bش م |
| 100 | 1 | _aشريف يحيى الامين | |
| 245 | 1 | 0 |
_aمعجم الالفاظ المثناة (المثنيان) / _cشريف يحيى الامين |
| 260 |
_aبيروت : _bدار العلم للملايين ، _c1982 |
||
| 300 |
_a520 ص ، _b24 سم |
||
| 490 |
_aكتاب _v0 |
||
| 650 | 0 | 4 | _aالالفاظ |
| 650 | 0 | 4 | _aاللغة العربية |
| 650 | 0 | 4 | _aالفاظ |
| 650 | 0 | 4 | _aاللغة العربية - الالفاظ |
| 650 | 0 | 4 | _aاللغة العربية - النحو |
| 650 | 0 | 4 | _aاللغة العربية - المعاجم |
| 942 |
_2ddc _cBK |
||
| 999 |
_c40825 _d40825 |
||